Marks and Monograms on European and Oriental Pottery and Porcelain (Record no. 5171)
[ view plain ]
| 000 -CABECERA | |
|---|---|
| campo de control de longitud fija | 00956nam a2200277 a 4500 |
| 001 - NÚMERO DE CONTROL | |
| campo de control | BRCA_5477 |
| 005 - FECHA Y HORA DE LA ÚLTIMA TRANSACCIÓN | |
| campo de control | 20190320205110.0 |
| 008 - DATOS DE LONGITUD FIJA--INFORMACIÓN GENERAL | |
| campo de control de longitud fija | 261108s1965----enka######---#000-0#eng-u |
| 041 ## - CÓDIGO DE LENGUA | |
| Código de lengua del texto/banda sonora o título independiente | eng |
| 044 ## - CÓDIGO DEL PAÍS DE LA ENTIDAD EDITORA/PRODUCTORA | |
| Código MARC del país | enk |
| 050 #4 - SIGNATURA TOPOGRÁFICA DE LA BIBLIOTECA DEL CONGRESO | |
| Número de clasificación | NK4215 |
| Número de documento/Ítem | .Ch34 1965 |
| 100 1# - ENTRADA PRINCIPAL--NOMBRE DE PERSONA | |
| Nombre de persona | Chaffers, William |
| Fechas asociadas al nombre | 1811-1892 |
| 9 (RLIN) | 7272 |
| 245 10 - MENCIÓN DE TÍTULO | |
| Título | Marks and Monograms on European and Oriental Pottery and Porcelain |
| Mención de responsabilidad, etc. | by William Chaffers. |
| 250 ## - MENCIÓN DE EDICIÓN | |
| Mención de edición | 15 |
| 260 ## - PUBLICACIÓN, DISTRIBUCIÓN, ETC. | |
| Lugar de publicación, distribución, etc. | Londres |
| Nombre del editor, distribuidor, etc. | William Reeves |
| Fecha de publicación, distribución, etc. | 1965 |
| 300 ## - DESCRIPCIÓN FÍSICA | |
| Extensión | 2 v. |
| Otras características físicas | il. (algunas a color) |
| Dimensiones | 25 cm. |
| 500 ## - NOTA GENERAL | |
| Nota general | Donación Dr. Héctor Rivero Borrell Vázquez |
| 500 ## - NOTA GENERAL | |
| Nota general | Esta edición se encuentra en el Área de Investigación |
| 500 ## - NOTA GENERAL | |
| Nota general | La biblioteca cuenta con la edición 1932 perteneciente al Fondo General Franz Mayer (A21) |
| 650 14 - PUNTO DE ACCESO ADICIONAL DE MATERIA--TÉRMINO DE MATERIA | |
| Término de materia o nombre geográfico como elemento de entrada | Marcas de cerámica |
| 9 (RLIN) | 7225 |
| 650 14 - PUNTO DE ACCESO ADICIONAL DE MATERIA--TÉRMINO DE MATERIA | |
| Término de materia o nombre geográfico como elemento de entrada | Cerámica oriental |
| 9 (RLIN) | 7273 |
| 650 14 - PUNTO DE ACCESO ADICIONAL DE MATERIA--TÉRMINO DE MATERIA | |
| Término de materia o nombre geográfico como elemento de entrada | Cerámica |
| Subdivisión geográfica | Europa |
| 9 (RLIN) | 14003 |
| 650 14 - PUNTO DE ACCESO ADICIONAL DE MATERIA--TÉRMINO DE MATERIA | |
| Término de materia o nombre geográfico como elemento de entrada | Cerámica |
| Subdivisión general | Historia |
| 9 (RLIN) | 1463 |
| 902 ## - CATALOGADOR | |
| Iniciales | DHR |
| 942 ## - ELEMENTOS DE PUNTO DE ACCESO ADICIONAL (KOHA) | |
| Fuente del sistema de clasificación o colocación | Library of Congress Classification |
| Tipo de ítem Koha | Libros |
| Estado de retiro | Estado de pérdida | Estado dañado | No para préstamo | Localización permanente | Ubicación/localización actual | Fecha de adquisición | Total de préstamos | Signatura topográfica completa | Código de barras | Fecha visto por última vez | Precio válido a partir de | Tipo de ítem Koha | Código de colección |
|---|---|---|---|---|---|---|---|---|---|---|---|---|---|
| El ejemplar forma parte de la colección y puede ser consultado según las políticas vigentes. | Biblioteca del Museo Franz Mayer (Rogerio Casas-Alatriste) | Biblioteca del Museo Franz Mayer (Rogerio Casas-Alatriste) | 28/01/2011 | NK4215 .Ch34 1965 | DHR00108 | 22/03/2019 | 22/03/2019 | Libros | |||||
| El ejemplar forma parte de la colección y puede ser consultado según las políticas vigentes. | Biblioteca del Museo Franz Mayer (Rogerio Casas-Alatriste) | Biblioteca del Museo Franz Mayer (Rogerio Casas-Alatriste) | 07/02/2012 | NK4215 .Ch34 1965 | DHR00109 | 22/03/2019 | 22/03/2019 | Libros | Acervo General |